000 00735nam a2200205Ia 4500
003 GCL
008 140319s9999 xx 000 0 ara d
040 _aGCL /
_cGCL
082 0 4 _aم
_b413
_bا م
100 1 _aاحمد حسن الزيات
245 1 0 _aالمعجم الوسيط :
_bالجزء الاول:من اول الهمزة الى اخر الضاد /
_cاحمد حسن الزيات
700 1 _aابراهيم مصطفى
700 1 _aحامد عبد القادر
700 1 _aمحمد على النجار
260 _aتركيا :
_bدار الدعوة ،
_c1989
300 _a1067 ص ؛
_c30 سم
650 0 4 _aاللغة العربية
650 0 4 _aاللغة العربية - المعاجم
942 _2ddc
_cREF
999 _c59688
_d59688